00257nam a2200097Ia 4500008004000000082001600040100002300056245003300079260003900112300000800151210210b1974 xxu||||| |||| 00| 0 eng d a823.91 CALD aCALDWELL (Taylor). aDear and glorious physician. aGreat BritainbFontana Booksc1974 a574